00596 a2200181 450000100060000002000150000604000240002110000210004524000370006624500320010330000070013536200090014265000310015194200070018295201040018995201040029399900170039769646 a8530500539 cAnchieta - Itaigara aCarrasco, Walcyr10aMeu encontro com Papai Noellpor10aMeu encontro com Papai Noel a230 a1987 4aLiteratura infanto-juvenil cBK 00104070a88.1b88.1d2023-11-21l0o028.5 CAR MEUp2187/ITAr2023-11-21 20:04:17w2023-11-21yBK 00104070a88.1b88.1d2023-11-21l0o028.5 CAR MEUp2188/ITAr2023-11-21 20:04:17w2023-11-21yBK c69646d69646